Представление документа в формате RUSMARC

ПолеНазваниеЗначение
  Тип записи a
  Библиографический уровень m
001 Контрольный номер RU/CBS_UL/BASE/594991116
005 Дата корректировки 20240209174847.6
010 Индекс ISBN __
a ISBN
b Уточнения в пер.
d Цена 160 р. 00 к.
9 Тираж экз.
100 Данные общей обработки __
a Данные общей обработки 20181108d2018 ||| 0rusy0189 ca
101 Язык документа 0_
a Язык текста rus
102 Страна публикации __
a Страна публикации RU
105 Кодированные данные (монография) __
a Кодированные данные (монография) y###||||000|y
200 Заглавие и сведения об ответственности 1_
a Заглавие Летопись жизни и творчества Александра Пушкина
b Общее обозначение материала Текст
e Сведения, относящиеся к заглавию в 4 т.
g Последующие сведения об ответственности сост. М. А. Цавловский, Н. А. Тархова
h Номер части Т. 2. 1825-1828
210 Выходные данные 1_
a Место издания Москва
c Издательство Слово/SLOVO
d Дата издания 1999
215 Физическое описание __
a Объем 544 с.
c Иллюстрации/тип воспроизводства ил.
d Формат см.
300 Общие примечания __
a Общие примечания Ограничения по возрасту - 12+
300 Общие примечания __
a Общие примечания Под инв. номером 80743: 8-1
606 Тематические рубрики 0_
a Основная рубрика Пушкин, Александр Сергеевич (1799-1837)
610 Ключевые слова 0_
a Ключевые слова литература русская
a Ключевые слова биографии писателей
a Ключевые слова творчество
a Ключевые слова хронология
686 Индексы других классификаций __
a Классификационный индекс 83.3(2Рос=Рус)1
2 Код системы ББК
702 Вторичная интеллектуальная ответственность _1
a Фамилия Цявловский
b Имя (инициалы) М. А.
702 Вторичная интеллектуальная ответственность _1
a Фамилия Тарханова
b Имя (инициалы) Н. А.
801 Источник записи _0
a Страна RU
b Организация МБУК ЦБС
c Дата составления 20181108
g Правила каталогизации RCR
801 Источник записи _1
a Страна RU
b Организация МБУК ЦБС г. Ульяновска
c Дата составления 20181108
g Правила каталогизации RCR
899 Данные о местонахождении __
i Авторский знак Л 52
j Расстановочный фильтр 83.3(2Рос=Рус)1
901 Тип документа __
t Тип документа m
910 Корректоры записи __
a Корректор записи Мазина